000 00984nam a22003137a 4500
003 CHAP
005 20220329135716.0
008 971013s1980 r 00010 d
010 _a40921
011 _a41893
035 _a46019
040 _cCHAP
082 _a632.12
_bF5
100 0 0 _aFlorescano M., Enrique.
_941814
245 _aAnálisis histórico de las sequías en México
260 _aMéxico, D.F. :
_bComisión del Plan Nacional Hidráulico,
_c1980
300 _a158 p.
490 _aDocumentación
_v; 22
590 _aBATCH-UPD
_b10
_c20130110
_lUCH01
_h0008
590 _aBATCH-UPD
_b10
_c20130110
_lUCH01
_h1518
590 _aBATCH-UPD
_b10
_c20130410
_lUCH01
_h0931
590 _aBATCH-UPD
_b10
_c20130914
_lUCH01
_h1420
590 _aCONVERSION
_b10
_c20130109
_lUCH01
_h1323
650 1 4 _aSequías.
_9104511
830 _aDocumentación
_v; 22
_933173
901 _aBK
942 _cLIBRO
949 _a632.12 F5
_bBC
_cLIBRO
_d33724000177382
_eLIBRO
_h62262
_i46019
_mD
_si
999 _c40921
_d40921